[Event "Bratislava exe op"]
[Site "Bratislava"]
[Date "2023.09.20"]
[Round "6"]
[White "Stocek, Jiri"]
[Black "Pavlovic, Milos"]
[Result "1-0"]
[WhiteElo "2525"]
[BlackElo "2402"]
[PlyCount "61"]
[EventDate "2023.09.15"]
[EventType "swiss"]
[EventRounds "9"]
[EventCountry "SVK"]
[SourceTitle "EXT 2024"]
[Source "ChessBase"]
[SourceDate "2023.10.10"]
[SourceVersion "1"]
[SourceVersionDate "2023.10.10"]
[SourceQuality "1"]

1. d4 Nf6 2. Nf3 e6 3. Bf4 b6 4. e3 Bb7 5. Bd3 c5 6. Nbd2 cxd4 7. exd4 Be7 8. h3 0-0 9. 0-0 d6 10. Re1 Nbd7 11. Bh2 Qc7 12. c4 Rfe8 13. Rc1 Bf8 14. b4 g6 15. c5 bxc5 16. bxc5 Bd5 17. Nc4 Bxc4 18. Bxc4 Qa5 19. cxd6 Rac8 20. Qd3 Nb6 21. Be5 Nfd5 22. Nd2 Bh6 23. Nb3 Qa3 24. Bxd5 Rxc1 25. Nxc1 Qa5 26. Qe2 Nxd5 27. Nb3 Qb6 28. Nc5 Bf8 29. Ne4 Rc8 30. Qf3 f5 31. Nc5 1-0

[Event "Pardubice Czech op-A 34th"]
[Site "Pardubice"]
[Date "2023.07.28"]
[Round "8"]
[White "Stocek, Jiri"]
[Black "Itgelt, Khuyagtsogt"]
[Result "1/2-1/2"]
[WhiteElo "2515"]
[BlackElo "2321"]
[PlyCount "84"]
[EventDate "2023.07.21"]
[EventType "swiss"]
[EventRounds "9"]
[EventCountry "CZE"]
[SourceTitle "CBM 215 Extra"]
[Source "ChessBase"]
[SourceDate "2023.09.30"]
[SourceVersion "1"]
[SourceVersionDate "2023.09.30"]
[SourceQuality "1"]

1. d4 Nf6 2. c4 g6 3. Nc3 d5 4. cxd5 Nxd5 5. e4 Nxc3 6. bxc3 Bg7 7. Qa4+ Nd7 8. Nf3 0-0 9. Qa3 c5 10. Be2 b6 11. 0-0 Bb7 12. e5 Qc7 13. Re1 e6 14. Bf4 Rfc8 15. Rac1 a6 16. h4 b5 17. h5 Bf8 18. Qb2 cxd4 19. cxd4 Qa5 20. Bd3 Ba3 21. Rxc8+ Rxc8 22. Qb1 Nf8 23. Be4 Qc7 24. Bh6 Be7 25. Rc1 Qd7 26. Rxc8 Qxc8 27. Bxb7 Qxb7 28. Qc1 b4 29. Kh2 gxh5 30. Bxf8 Kxf8 31. Qh6+ Ke8 32. Qxh7 a5 33. Qg8+ Kd7 34. Qxf7 Qe4 35. Qxh5 a4 36. Qh6 b3 37. axb3 a3 38. Qd2 Qh7+ 39. Kg3 Qg6+ 40. Kh2 Qh7+ 41. Kg3 Qg6+ 42. Kh2 Qh7+ 1/2-1/2

[Event "Pardubice Czech op-A 34th"]
[Site "Pardubice"]
[Date "2023.07.25"]
[Round "5"]
[White "Malek, Jan"]
[Black "Stocek, Jiri"]
[Result "0-1"]
[WhiteElo "2384"]
[BlackElo "2515"]
[PlyCount "154"]
[EventDate "2023.07.21"]
[EventType "swiss"]
[EventRounds "9"]
[EventCountry "CZE"]
[SourceTitle "CBM 215 Extra"]
[Source "ChessBase"]
[SourceDate "2023.09.30"]
[SourceVersion "1"]
[SourceVersionDate "2023.09.30"]
[SourceQuality "1"]

1. e4 c5 2. Nf3 e6 3. d4 cxd4 4. Nxd4 Nf6 5. Nc3 Nc6 6. a3 d6 7. Be3 Qc7 8. Be2 a6 9. g4 h6 10. h4 b5 11. Rg1 Ne5 12. g5 hxg5 13. hxg5 Nfd7 14. g6 Nxg6 15. f4 Nb6 16. Nxe6 Bxe6 17. f5 Ne5 18. fxe6 fxe6 19. Bd4 0-0-0 20. a4 d5 21. axb5 dxe4 22. bxa6 Bc5 23. Nb5 Bxd4 24. Nxd4 Nf3+ 25. Bxf3 exf3 26. Qxf3 Rxd4 27. a7 Qe5+ 28. Kf1 Kc7 29. Re1 Qb5+ 30. Kg2 Rd2+ 31. Kg3 Qg5+ 32. Qg4 Qxg4+ 33. Kxg4 Rh6 34. Kf4 Rd7 35. Ra1 Kb7 36. Rg5 Rh4+ 37. Kg3 Rh8 38. Rb5 Ra8 39. c4 Rxa7 40. Re1 Kc7 41. Rxe6 Nc8 42. Rbe5 Ra2 43. b3 Rb2 44. Re3 Nd6 45. Kg4 Rg2+ 46. Rg3 Rd2 47. Rf3 Nf7 48. Re4 R2d6 49. Rfe3 Rg6+ 50. Kf5 Rf6+ 51. Kg4 Nh6+ 52. Kg5 Nf7+ 53. Kg4 Rd1 54. Re1 Rd3 55. R1e3 Rxe3 56. Rxe3 Kd6 57. Re8 Ne5+ 58. Kg5 Rf3 59. Rg8 Rg3+ 60. Kf4 Rg4+ 61. Kf5 g6+ 62. Kf6 Rf4+ 63. Kg5 Rf5+ 64. Kh4 g5+ 65. Kh5 g4+ 66. Kh4 Rf3 67. b4 Ke6 68. b5 Kf5 69. Rf8+ Ke4 70. Rg8 Rh3+ 71. Kg5 g3 72. b6 g2 73. Kf6 Rh6+ 74. Ke7 Rg6 75. Rxg6 Nxg6+ 76. Kd8 g1Q 77. b7 Qb6+ 0-1

[Event "Teplice op"]
[Site "Teplice"]
[Date "2023.06.18"]
[Round "9"]
[White "Stocek, Jiri"]
[Black "Nemec, Jachym"]
[Result "0-1"]
[WhiteElo "2528"]
[BlackElo "2341"]
[PlyCount "108"]
[EventDate "2023.06.10"]
[EventType "swiss"]
[EventRounds "9"]
[EventCountry "CZE"]
[SourceTitle "CBM 214 Extra"]
[Source "ChessBase"]
[SourceDate "2023.07.31"]
[SourceVersion "1"]
[SourceVersionDate "2023.07.31"]
[SourceQuality "1"]

1. c4 c6 2. Nf3 d5 3. g3 Nf6 4. Bg2 dxc4 5. 0-0 Nbd7 6. Qc2 Nb6 7. a4 a5 8. Na3 Qd5 9. Ne1 Qd8 10. d3 e5 11. Be3 Nfd5 12. Bxb6 Nxb6 13. Nxc4 Nxc4 14. dxc4 Qc7 15. Nd3 Be7 16. Qc3 f6 17. c5 0-0 18. Qc4+ Kh8 19. e4 Bg4 20. f3 Bh5 21. Bh3 Bf7 22. Be6 Bxe6 23. Qxe6 Rad8 24. Rfd1 Rd4 25. Kf1 Rfd8 26. Ke2 Bf8 27. b3 Qb8 28. Rac1 Re8 29. Qf7 Re7 30. Qh5 Red7 31. Rc4 Rxc4 32. bxc4 Qd8 33. g4 Bxc5 34. g5 Bd4 35. g6 h6 36. Qf5 Qe7 37. f4 exf4 38. c5 Rd5 39. Qxf4 Rd8 40. Qf5 b6 41. cxb6 Bxb6 42. Nf4 Re8 43. Kf3 Qa3+ 44. Rd3 Qc1 45. Kg2 Qg1+ 46. Kh3 Qf1+ 47. Kg4 Qg1+ 48. Kh3 Qf1+ 49. Kg4 Qe1 50. Rd6 Rxe4 51. Qc8+ Re8 52. Qxc6 h5+ 53. Nxh5 Re4+ 54. Nf4 Qe2+ 0-1

[Event "CZE-ch"]
[Site "Bystrice nad Pernstejnem"]
[Date "2023.05.13"]
[Round "5"]
[White "Stocek, Jiri"]
[Black "Plat, Vojtech"]
[Result "1/2-1/2"]
[WhiteElo "2525"]
[BlackElo "2530"]
[PlyCount "82"]
[EventDate "2023.05.09"]
[EventType "tourn"]
[EventRounds "9"]
[EventCountry "CZE"]
[EventCategory "11"]
[SourceTitle "CBM 214 Extra"]
[Source "ChessBase"]
[SourceDate "2023.07.31"]
[SourceVersion "1"]
[SourceVersionDate "2023.07.31"]
[SourceQuality "1"]

1. d4 g6 2. c4 Nf6 3. Nc3 d5 4. Nf3 Bg7 5. cxd5 Nxd5 6. e4 Nxc3 7. bxc3 c5 8. Be3 Nc6 9. Rc1 Qa5 10. d5 Ne5 11. Nxe5 Bxe5 12. Qd2 0-0 13. Be2 Bd7 14. 0-0 Bg7 15. f4 Rad8 16. e5 f6 17. d6 Be6 18. Bf3 c4 19. Qf2 exd6 20. Bxa7 fxe5 21. Bb6 Qa8 22. Bxd8 Qxd8 23. fxe5 Bxe5 24. Qd2 Bf4 25. Qe2 Bf7 26. Rcd1 d5 27. Rfe1 b5 28. g3 Bh6 29. a3 Bg7 30. Qd2 Qb6+ 31. Kg2 Rd8 32. Qe3 Qd6 33. Qa7 Bf6 34. Qa5 b4 35. Qxb4 Qxb4 36. cxb4 Bb2 37. Rb1 Bf6 38. b5 c3 39. b6 Bg5 40. b7 Rb8 41. Re2 d4 1/2-1/2

[Event "EU-ch 23rd"]
[Site "Vrnjacka Banja"]
[Date "2023.03.12"]
[Round "10"]
[White "Wadsworth, Matthew J"]
[Black "Stocek, Jiri"]
[Result "0-1"]
[WhiteElo "2439"]
[BlackElo "2534"]
[PlyCount "86"]
[EventDate "2023.03.03"]
[EventType "swiss"]
[EventRounds "11"]
[EventCountry "SRB"]
[SourceTitle "CBM 213"]
[Source "ChessBase"]
[SourceDate "2023.04.30"]
[SourceVersion "1"]
[SourceVersionDate "2023.04.30"]
[SourceQuality "1"]

1. d4 Nf6 2. c4 e6 3. Nf3 b6 4. g3 Ba6 5. b3 b5 6. cxb5 Bxb5 7. Bg2 d5 8. 0-0 Nbd7 9. Nc3 Ba6 10. a3 c5 11. b4 cxd4 12. Nxd4 Rc8 13. Bb2 Nb6 14. Re1 e5 15. Nf3 Bd6 16. e4 d4 17. Nxd4 exd4 18. e5 dxc3 19. exf6+ Kf8 20. fxg7+ Kxg7 21. Qg4+ Kf8 22. Bxc3 Rg8 23. Qf3 Rg6 24. Rad1 Bb5 25. Ba1 Ba4 26. Rd4 Qg5 27. h4 Qh6 28. Bh3 Rc1 29. Bc3 Rxe1+ 30. Bxe1 Qc1 31. Qe2 Bb5 32. Qe4 Bc6 33. Qe2 Bb5 34. Qe4 Bc6 35. Qe2 Qxa3 36. h5 Rf6 37. b5 Bf3 38. Qd2 Bb7 39. Bg4 h6 40. Qd1 Be7 41. Bd2 Qb2 42. Be3 Qxb5 43. Kh2 Nd5 0-1

[Event "EU-ch 23rd"]
[Site "Vrnjacka Banja"]
[Date "2023.03.11"]
[Round "9"]
[White "Stocek, Jiri"]
[Black "Erdogmus, Yagiz Kaan"]
[Result "1/2-1/2"]
[WhiteElo "2534"]
[BlackElo "2445"]
[PlyCount "119"]
[EventDate "2023.03.03"]
[EventType "swiss"]
[EventRounds "11"]
[EventCountry "SRB"]
[SourceTitle "CBM 213"]
[Source "ChessBase"]
[SourceDate "2023.04.30"]
[SourceVersion "1"]
[SourceVersionDate "2023.04.30"]
[SourceQuality "1"]

1. d4 d5 2. Nf3 Nf6 3. Bg5 e6 4. e3 c5 5. Nbd2 Nc6 6. c3 Be7 7. dxc5 Bxc5 8. Bd3 h6 9. Bh4 Be7 10. Bg3 0-0 11. 0-0 Nh5 12. Re1 Nxg3 13. hxg3 Qb6 14. Rb1 Rd8 15. Qe2 g6 16. b4 Bf6 17. c4 a5 18. c5 Qc7 19. a3 axb4 20. axb4 Ra2 21. Qd1 Bd7 22. e4 Ne5 23. Nxe5 Ba4 24. Qc1 Bxe5 25. Nf3 dxe4 26. Bxe4 Bg7 27. b5 Ra8 28. Qc4 Ra3 29. Rec1 Kh7 30. b6 Qe7 31. c6 bxc6 32. Bxc6 Bxc6 33. Qxc6 Rb8 34. Qc7 Qxc7 35. bxc7 Rxb1 36. Rxb1 Rc3 37. Rb7 g5 38. g4 Kg6 39. Kf1 h5 40. gxh5+ Kxh5 41. c8Q Rxc8 42. Rxf7 Kg6 43. Rd7 g4 44. Nd2 Bc3 45. Ne4 Rc4 46. Ng3 Be5 47. Ne2 Kf5 48. Rf7+ Kg6 49. Rf8 Rc2 50. Ke1 Rb2 51. Rc8 Kf5 52. Rc4 Ra2 53. Nc1 Ra1 54. Ke2 g3 55. fxg3 Bxg3 56. Nb3 Ra2+ 57. Kf3 Ra3 58. Rc3 Bd6 59. Nd4+ Kf6 60. Nb5 1/2-1/2

[Event "EU-ch 23rd"]
[Site "Vrnjacka Banja"]
[Date "2023.03.06"]
[Round "4"]
[White "Cheparinov, Ivan"]
[Black "Stocek, Jiri"]
[Result "1-0"]
[WhiteElo "2661"]
[BlackElo "2534"]
[PlyCount "75"]
[EventDate "2023.03.03"]
[EventType "swiss"]
[EventRounds "11"]
[EventCountry "SRB"]
[SourceTitle "CBM 213"]
[Source "ChessBase"]
[SourceDate "2023.04.30"]
[SourceVersion "1"]
[SourceVersionDate "2023.04.30"]
[SourceQuality "1"]

1. e4 c5 2. Nf3 d6 3. d4 cxd4 4. Nxd4 Nf6 5. Nc3 Nc6 6. Bg5 e6 7. Qd3 Bd7 8. 0-0-0 a6 9. f4 Be7 10. Nf3 Rc8 11. Kb1 Qc7 12. Be2 d5 13. e5 Ng4 14. Bxe7 Nxe7 15. Rhf1 Nf5 16. Nd4 Nge3 17. Nxf5 Nxf5 18. g4 d4 19. Nd5 exd5 20. gxf5 g6 21. e6 fxe6 22. fxg6 hxg6 23. Qxg6+ Ke7 24. Qg7+ Kd6 25. Bd3 Rxh2 26. Rh1 Rxh1 27. Rxh1 Kc5 28. Rh7 Rd8 29. f5 e5 30. Rh6 Re8 31. a3 a5 32. f6 e4 33. f7 exd3 34. f8Q+ Rxf8 35. Qxf8+ Kc4 36. b3+ Kc3 37. Qf3 Bb5 38. Rh3 1-0

[Event "EU-ch 23rd"]
[Site "Vrnjacka Banja"]
[Date "2023.03.05"]
[Round "3"]
[White "Stocek, Jiri"]
[Black "Gledura, Benjamin"]
[Result "1/2-1/2"]
[WhiteElo "2534"]
[BlackElo "2637"]
[PlyCount "64"]
[EventDate "2023.03.03"]
[EventType "swiss"]
[EventRounds "11"]
[EventCountry "SRB"]
[SourceTitle "CBM 213"]
[Source "ChessBase"]
[SourceDate "2023.04.30"]
[SourceVersion "1"]
[SourceVersionDate "2023.04.30"]
[SourceQuality "1"]

1. d4 d5 2. c4 c6 3. Nf3 Nf6 4. Qb3 dxc4 5. Qxc4 Bf5 6. g3 e6 7. Bg2 Be7 8. 0-0 0-0 9. Rd1 Nbd7 10. e3 Rc8 11. Qe2 Bg6 12. Bd2 Qb6 13. Be1 c5 14. Nc3 cxd4 15. exd4 Bb4 16. a3 Bxc3 17. bxc3 Be4 18. c4 Rfe8 19. a4 Qa6 20. Bf1 b6 21. a5 Qb7 22. Ra3 e5 23. dxe5 Bxf3 24. Qxf3 Qxf3 25. Rxf3 Nxe5 26. Re3 Nxc4 27. Rxe8+ Nxe8 28. Bxc4 Rxc4 29. axb6 axb6 30. Rd8 Kf8 31. Bd2 Ke7 32. Rb8 Rc6 1/2-1/2

[Event "EU-ch 23rd"]
[Site "Vrnjacka Banja"]
[Date "2023.03.04"]
[Round "2"]
[White "Makridis, Dimitrios"]
[Black "Stocek, Jiri"]
[Result "0-1"]
[WhiteElo "2387"]
[BlackElo "2534"]
[PlyCount "92"]
[EventDate "2023.03.03"]
[EventType "swiss"]
[EventRounds "11"]
[EventCountry "SRB"]
[SourceTitle "CBM 213"]
[Source "ChessBase"]
[SourceDate "2023.04.30"]
[SourceVersion "1"]
[SourceVersionDate "2023.04.30"]
[SourceQuality "1"]

1. e4 c5 2. Nf3 d6 3. d4 cxd4 4. Nxd4 Nf6 5. Nc3 a6 6. h3 e6 7. g4 h6 8. Bg2 Be7 9. h4 g6 10. Nb3 Nc6 11. Qe2 e5 12. f3 Be6 13. Be3 Na5 14. Nxa5 Qxa5 15. Qd2 Rc8 16. Rd1 Nd7 17. Nd5 Qxd2+ 18. Rxd2 Bxd5 19. exd5 Bd8 20. f4 Bb6 21. Bxb6 Nxb6 22. Re2 Nd7 23. 0-0 Ke7 24. fxe5 Nxe5 25. Rf4 Rc5 26. c4 Rhc8 27. b3 b5 28. cxb5 axb5 29. Rb4 Rc2 30. Rxc2 Rxc2 31. g5 hxg5 32. hxg5 f5 33. Rxb5 Rxa2 34. Rb7+ Kd8 35. b4 Rb2 36. Rb5 Kc7 37. Kh2 Nd3 38. Kg3 Rxb4 39. Ra5 Rg4+ 40. Kh2 Rxg5 41. Ra7+ Kb6 42. Rd7 Kc5 43. Rc7+ Kd4 44. Rd7 Ne1 45. Bh1 Ke3 46. Rxd6 Kf2 0-1

[Event "BL2-Ost 2223"]
[Site "Germany"]
[Date "2023.02.26"]
[Round "8.1"]
[White "Stocek, Jiri"]
[Black "Antal, Gergely"]
[Result "1/2-1/2"]
[WhiteElo "2555"]
[BlackElo "2571"]
[PlyCount "52"]
[EventDate "2022.10.22"]
[EventType "team-tourn"]
[EventRounds "10"]
[EventCountry "GER"]
[SourceTitle "EXT 2024"]
[Source "ChessBase"]
[SourceDate "2023.10.10"]
[SourceVersion "1"]
[SourceVersionDate "2023.10.10"]
[SourceQuality "1"]
[WhiteTeam "Regensburg Bavaria"]
[BlackTeam "Nickelhuette Aue"]
[WhiteTeamCountry "GER"]
[BlackTeamCountry "GER"]

1. d4 f5 2. Nf3 Nf6 3. Bg5 e6 4. e3 h6 5. Bh4 g5 6. Bg3 d6 7. c4 Bg7 8. Nc3 Qe7 9. Rc1 0-0 10. Be2 Nc6 11. d5 Nd8 12. dxe6 Nxe6 13. 0-0 Nc5 14. b4 Nce4 15. c5 dxc5 16. Bc4+ Kh7 17. bxc5 Nxc3 18. Rxc3 Ne4 19. Rc2 Nxc5 20. h4 g4 21. Nd4 Bd7 22. Bxc7 Rac8 23. Bf4 Ba4 24. Bb3 Bd7 25. Bc4 Ba4 26. Bb3 Bd7 1/2-1/2

[Event "CZE-chT 2223"]
[Site "Czech Republic"]
[Date "2023.01.08"]
[Round "6.5"]
[White "Stocek, Jiri"]
[Black "Rodshtein, Maxim"]
[Result "1/2-1/2"]
[WhiteElo "2559"]
[BlackElo "2602"]
[PlyCount "58"]
[EventDate "2022.10.15"]
[EventType "team-tourn"]
[EventRounds "11"]
[EventCountry "CZE"]
[SourceTitle "CBM 213 Extra"]
[Source "ChessBase"]
[SourceDate "2023.05.31"]
[SourceVersion "1"]
[SourceVersionDate "2023.05.31"]
[SourceQuality "1"]
[WhiteTeam "Ingem Line"]
[BlackTeam "Turnov Zikuda"]
[WhiteTeamCountry "CZE"]
[BlackTeamCountry "CZE"]

1. d4 Nf6 2. Nf3 e6 3. Bf4 c5 4. e3 cxd4 5. exd4 Be7 6. h3 0-0 7. Nbd2 b6 8. c3 d6 9. Bb5 Na6 10. a4 Nc7 11. Bd3 Bb7 12. 0-0 Qd7 13. Re1 a6 14. Bh2 b5 15. Nb3 Rab8 16. Nfd2 Rfc8 17. Na5 Ba8 18. axb5 axb5 19. b3 Ncd5 20. c4 Nb4 21. Bf1 Bd8 22. Nb1 Bc7 23. Qd2 bxc4 24. bxc4 Ne4 25. Qd1 d5 26. Bxc7 Qxc7 27. Nd2 Nxd2 28. Qxd2 dxc4 29. Nxc4 Bd5 1/2-1/2

[Event "CZE-chT 2223"]
[Site "Czech Republic"]
[Date "2023.01.07"]
[Round "5.6"]
[White "Navara, David"]
[Black "Stocek, Jiri"]
[Result "1/2-1/2"]
[WhiteElo "2676"]
[BlackElo "2559"]
[PlyCount "109"]
[EventDate "2022.10.15"]
[EventType "team-tourn"]
[EventRounds "11"]
[EventCountry "CZE"]
[SourceTitle "CBM 213 Extra"]
[Source "ChessBase"]
[SourceDate "2023.05.31"]
[SourceVersion "1"]
[SourceVersionDate "2023.05.31"]
[SourceQuality "1"]
[WhiteTeam "Novoborsky"]
[BlackTeam "Ingem Line"]
[WhiteTeamCountry "CZE"]
[BlackTeamCountry "CZE"]

1. d4 Nf6 2. c4 e6 3. Nf3 Bb4+ 4. Bd2 a5 5. g3 d5 6. Qc2 0-0 7. Bg2 c5 8. cxd5 cxd4 9. Nxd4 Qb6 10. e3 exd5 11. 0-0 Nc6 12. Nxc6 bxc6 13. Rc1 Rb8 14. Nc3 h5 15. a3 Be7 16. Na4 Qc7 17. Qc3 h4 18. Qxa5 Qe5 19. Rxc6 Bd7 20. Bc3 Qf5 21. Bxf6 Bxf6 22. Rd6 Ra8 23. Qxd5 Qxd5 24. Bxd5 Bxa4 25. Bxa8 Rxa8 26. Rb6 h3 27. Rc1 Rd8 28. b3 Bb2 29. Rb1 Be8 30. a4 f6 31. Kf1 Bc3 32. Rc1 Ba5 33. Rb7 Bg6 34. Kg1 Be4 35. Ra7 Bb6 36. Re7 Bf3 37. b4 Kf8 38. Re6 Bc7 39. Ra6 Be5 40. a5 Bb2 41. Rb1 Be4 42. Rf1 Bg2 43. b5 Bc3 44. b6 Be5 45. f3 Rd2 46. Ra8+ Kf7 47. a6 Bxg3 48. hxg3 h2+ 49. Kxh2 Bxf3+ 50. Kh3 Bxa8 51. Rb1 Bg2+ 52. Kg4 Ra2 53. Rb4 Rxa6 54. b7 Bxb7 55. Rxb7+ 1/2-1/2

[Event "CZE-chT 2223"]
[Site "Czech Republic"]
[Date "2022.12.03"]
[Round "3.4"]
[White "Janik, Igor"]
[Black "Stocek, Jiri"]
[Result "1/2-1/2"]
[WhiteElo "2542"]
[BlackElo "2559"]
[PlyCount "89"]
[EventDate "2022.10.15"]
[EventType "team-tourn"]
[EventRounds "11"]
[EventCountry "CZE"]
[SourceTitle "CBM 213 Extra"]
[Source "ChessBase"]
[SourceDate "2023.05.31"]
[SourceVersion "1"]
[SourceVersionDate "2023.05.31"]
[SourceQuality "1"]
[WhiteTeam "Kromeriz Slavia"]
[BlackTeam "Ingem Line"]
[WhiteTeamCountry "CZE"]
[BlackTeamCountry "CZE"]

1. c4 Nf6 2. Nf3 g6 3. g3 Bg7 4. Bg2 0-0 5. 0-0 d6 6. d4 Nc6 7. Nc3 Bf5 8. Ne1 Re8 9. h3 a6 10. e4 Bd7 11. Be3 e5 12. d5 Nd4 13. Nc2 b5 14. cxb5 axb5 15. a3 Nb3 16. Rb1 Rb8 17. Nb4 Nd4 18. Qd3 Qc8 19. Kh2 Nb3 20. Rbd1 h5 21. Qc2 Na5 22. b3 h4 23. Ne2 c6 24. dxc6 Nxc6 25. Qd2 Nxb4 26. axb4 Bc6 27. Nc3 Qb7 28. Qd3 Ra8 29. Bg5 Nh7 30. gxh4 Bf6 31. Qe3 Qe7 32. Bxf6 Nxf6 33. Bf3 Kg7 34. Rg1 Rh8 35. Qg5 Kf8 36. Rg3 Rc8 37. Rd3 Nh5 38. Bxh5 Rxh5 39. Qd2 Qxh4 40. Rxd6 Bxe4 41. Nxe4 Qxe4 42. Rdxg6 fxg6 43. Qd6+ Ke8 44. Qe6+ Kd8 45. Qd6+ 1/2-1/2

[Event "Bayern-chI Bank Hofmann 25th"]
[Site "Tegernsee"]
[Date "2022.11.09"]
[Round "5"]
[White "Stocek, Jiri"]
[Black "Royal, Shreyas"]
[Result "0-1"]
[WhiteElo "2555"]
[BlackElo "2435"]
[PlyCount "56"]
[EventDate "2022.11.05"]
[EventType "swiss"]
[EventRounds "9"]
[EventCountry "GER"]
[SourceTitle "CBM 211 Extra"]
[Source "ChessBase"]
[SourceDate "2023.01.31"]
[SourceVersion "1"]
[SourceVersionDate "2023.01.31"]
[SourceQuality "1"]

1. d4 Nf6 2. Nf3 d5 3. c4 e6 4. Nc3 c5 5. Bg5 cxd4 6. Nxd4 e5 7. Nf3 d4 8. Bxf6 gxf6 9. Nd5 Be6 10. e4 dxe3 11. fxe3 Nc6 12. a3 Bg7 13. Qc2 f5 14. 0-0-0 0-0 15. Kb1 Rc8 16. h4 h6 17. Nf4 Qe7 18. Nxe6 fxe6 19. e4 fxe4 20. Qxe4 Rf4 21. Qe3 Qf6 22. Rd2 e4 23. Nh2 Rd8 24. Be2 Rxd2 25. Qxd2 e3 26. Qc1 Rf2 27. Re1 Nd4 28. Qxe3 Nf3 0-1

[Event "Bayern-chI Bank Hofmann 25th"]
[Site "Tegernsee"]
[Date "2022.11.07"]
[Round "3"]
[White "Stocek, Jiri"]
[Black "Costa, Leonardo"]
[Result "1-0"]
[WhiteElo "2555"]
[BlackElo "2341"]
[PlyCount "132"]
[EventDate "2022.11.05"]
[EventType "swiss"]
[EventRounds "9"]
[EventCountry "GER"]
[SourceTitle "CBM 211 Extra"]
[Source "ChessBase"]
[SourceDate "2023.01.31"]
[SourceVersion "1"]
[SourceVersionDate "2023.01.31"]
[SourceQuality "1"]

1. d4 d5 2. c4 e6 3. Nc3 Nf6 4. Bg5 Be7 5. e3 0-0 6. Nf3 h6 7. Bh4 b6 8. Bd3 dxc4 9. Bxc4 Bb7 10. 0-0 a6 11. Rc1 Nbd7 12. a4 c5 13. Bg3 Nh5 14. Qe2 Nxg3 15. hxg3 cxd4 16. Nxd4 Ne5 17. Rfd1 Bd6 18. Ba2 Qe7 19. Bb1 Rac8 20. Qc2 g6 21. Qb3 Bc5 22. Be4 Kg7 23. Bxb7 Qxb7 24. Nce2 Ng4 25. Rc4 h5 26. Rdc1 Qe7 27. Qc3 Qf6 28. Nf3 a5 29. Nf4 Rcd8 30. Nd3 Be7 31. Kf1 Rd6 32. Rd4 Rxd4 33. Qxd4 Rd8 34. Qxf6+ Bxf6 35. Ke2 Kf8 36. Nd2 Rb8 37. Rc7 Ne5 38. b3 Nxd3 39. Kxd3 Rd8+ 40. Ke2 Rb8 41. Nc4 Bd8 42. Ra7 Be7 43. f4 Ke8 44. Ne5 Rc8 45. Rb7 Rc3 46. Rxb6 Rxe3+ 47. Kd2 Rxg3 48. Rb8+ Bd8 49. Nc6 Rxg2+ 50. Ke3 Kd7 51. Nxd8 Rg3+ 52. Ke4 Kc7 53. Ra8 Rxb3 54. Nxf7 Rb4+ 55. Ke5 Rxa4 56. Nd8 Ra1 57. Nxe6+ Kb7 58. Rg8 a4 59. Rxg6 a3 60. Nc5+ Kc7 61. Ne4 h4 62. Rg2 h3 63. Rc2+ Kb6 64. f5 a2 65. f6 Kb7 66. f7 Kb6 1-0